000 01184nam a2200277Ia 4500
999 _c6716
_d6716
003 OSt
005 20200624164131.0
008 191128s1990 mx gr 000 0 spa d
020 _a8476007019
040 _aCO-JMCR
_cCO-JMCR
041 0 _aspa
082 0 4 _a330.122 /
_bP155e
_223
100 1 _aPalazuelos, Enrique,
_ecoordinador
_95313
245 1 0 _aEstructura económica capitalista internacional :
_bel modelo de acumulación de posguerra /
_cEnrique Palazuelos y Francisco Alburqueque, Manuel, Palazuelos, (coordinadores) ; Pedro Talavera, Fernando Luengo, [y otros]
260 _aMadrid :
_bEdiciones Akal,
_c1990.
300 _a351 páginas ;
_c22 cm.
490 0 _aAkal universitaria. Economía ;
_v148
505 0 _aLas economías desarrolladas -- El escenario internacional -- Las economías subdesarrolladas del capitalismo periférico
650 1 4 _aEconomía internacional
_92221
650 2 4 _aCompetencia internacional
_xCapitalismo
_95314
700 1 _aAlburqueque, Francisco,
_ecoordinador
_95315
700 1 _aTalavera, Pedro,
_eautor
_95316
700 1 _aLuengo, Fernando,
_eautor
_95317
700 1 _aPalazuelos, Manuel,
_eautor
_95318
942 _2ddc
_cBK